| 000 | 00406nam a22001457a 4500 | ||
|---|---|---|---|
| 082 |
_a621.3192 _bSIS _cL-10, P-38 |
||
| 100 |
_aSiskind; Charles S. _940075 |
||
| 245 | _aElectrical Circuits | ||
| 250 | _a2nd Ed | ||
| 260 |
_aInternational Students Edition New York _bMecGrawHill Company _c1956 |
||
| 300 | _a595p. : | ||
| 526 |
_a0 _b0 _c0 _d621_319200000000000_SIS |
||
| 650 |
_aMCE _9379 |
||
| 942 |
_2ddc _cBK |
||
| 999 |
_c545447 _d545447 |
||